000
00311nam a2200109Ia 4500
008
200302s9999 xx 000 0 und d
100
_a
Rustam J. Mehta
245
_a
Masterpieces of Indian Craftsmanship in Marble and Sandstone
260
_b
Taraporevala Sons and Co. Pvt. Ltd.
260
_c
1980
300
_a
78 P.,
999
_c
4088
_d
4088